| 000 | 06680nam a22006137a 4500 | ||
|---|---|---|---|
| 005 | 20100816144113.0 | ||
| 010 | _aB-409942-974 | ||
| 020 |
_a8185108367 _c160.00 |
||
| 035 | _aB-409942-974 | ||
| 037 | _bNew Light's Publishers | ||
| 082 | _a000 | ||
| 100 |
_aDatason, R.P. _914052 |
||
| 245 |
_aS.S.C. matric level combind (prel.) examination: _cby R.P. Datason [and] S.L. Gulati _bfor clerks grade...stenographers / |
||
| 250 | _a60th ed. | ||
| 260 |
_aNew Delhi _bNew Light Publishers _c2010 |
||
| 270 |
_aB-8, Rattan Joyti, 18, Rajendra Place, _bNew Delhi _e110008 |
||
| 300 |
_aVarious pagings _c22cm(pbk) |
||
| 700 |
_aGulati, S.L. _914033 |
||
| 942 |
_2ddc _cEN _mDAT _h000 |
||
| 999 |
_c34892 _d34892 |
||